| 000 | 00692nam a2200229Ia 4500 | ||
|---|---|---|---|
| 003 | OSt | ||
| 005 | 20220926042032.0 | ||
| 006 | a|||||r|||| 00| 0 | ||
| 007 | ta | ||
| 008 | 220923b |||||||| |||| 00| 0 eng d | ||
| 037 | _cGeneral Book | ||
| 040 |
_aRTL _cRTL _beng |
||
| 041 |
_2eng _aeng |
||
| 082 | _aY74653:3(U426), J4 | ||
| 100 |
_aEisentadt S N _9345773 |
||
| 245 | 0 |
_aAbsorption of immigrants _b A comparative study base |
|
| 260 | _c1954 | ||
| 490 | _aInternational Library of Sociology and Social Reconstruction ed by W J H Sprott | ||
| 650 | _aPakistan Society | ||
| 942 |
_hY74653:3(U426), J4 _cGB _2CC |
||
| 999 |
_c668750 _d668750 |
||